000 00704nam a2200289Ia 4500
005 20260324113429.0
008 008 260324s9999 xx 000 0 eng d
020 _a9781003344452
037 _aEBOOK
040 _aCRL
040 _beng
040 _cCRL
041 _2eng
041 _aeng
084 _qCRL
100 _aPradeep Kumar Misra
_91092995
245 0 _aTeaching Competencies for 21st Century Teachers
245 0 _bPractical Approaches to Learning
260 _bTaylor and Francis
260 _c2023
365 _a
365 _b230
856 _uhttp://www.taylorfrancis.com/books/9781003344452
942 _cEBOOK
999 _c1736390
_d1736390